[Event "POL-chT U19 2nd League"]
[Site "Iwonicz"]
[Date "2015.08.01"]
[Round "11.104"]
[White "Szarota, Milosz"]
[Black "Kedzierski, Marcin"]
[Result "0-1"]
[WhiteElo "1645"]
[BlackElo "1437"]
[PlyCount "44"]
[EventDate "2015.07.25"]
[EventType "team-swiss"]
[EventRounds "11"]
[EventCountry "POL"]
[SourceTitle "EXT 2019"]
[Source "ChessBase"]
[SourceDate "2018.10.10"]
[SourceVersion "1"]
[SourceVersionDate "2018.10.10"]
[SourceQuality "1"]
[WhiteTeam "Nowy Sacz Sandecja U19"]
[BlackTeam "Wloszakowice UKS ZSO U19"]
[WhiteTeamCountry "POL"]
[BlackTeamCountry "POL"]

1. d4 Nf6 2. Nf3 g6 3. e3 Bg7 4. Bd3 d6 5. 0-0 0-0 6. c4 Nbd7 7. Nc3 Re8 8. b3 e5 9. Bc2 Nh5 10. Bb2 c6 11. Qd2 f5 12. e4 f4 13. Rad1 exd4 14. Nxd4 Ne5 15. Nce2 f3 16. Ng3 fxg2 17. Kxg2 Qh4 18. Nxh5 Qh3+ 19. Kh1 Nf3 20. Qf4 Be5 21. Bc1 Bxf4 22. Bxf4 Qxh5 0-1

[Event "POL-chT U19 2nd League"]
[Site "Iwonicz"]
[Date "2015.08.01"]
[Round "7.74"]
[White "Szarota, Milosz"]
[Black "Szczapa, Piotr"]
[Result "1-0"]
[WhiteElo "1645"]
[BlackElo "1157"]
[PlyCount "97"]
[EventDate "2015.07.25"]
[EventType "team-swiss"]
[EventRounds "11"]
[EventCountry "POL"]
[SourceTitle "EXT 2019"]
[Source "ChessBase"]
[SourceDate "2018.10.10"]
[SourceVersion "1"]
[SourceVersionDate "2018.10.10"]
[SourceQuality "1"]
[WhiteTeam "Nowy Sacz Sandecja U19"]
[BlackTeam "Zielonka Zieloni U19"]
[WhiteTeamCountry "POL"]
[BlackTeamCountry "POL"]

1. d4 d5 2. e3 e6 3. Nf3 Nf6 4. Bd3 Be7 5. 0-0 0-0 6. Nc3 c5 7. dxc5 Bxc5 8. a3 Nc6 9. Ne2 Re8 10. c3 Qc7 11. Ng3 Ne5 12. Nxe5 Qxe5 13. Qf3 Bd7 14. e4 Qc7 15. e5 Ne4 16. Nxe4 dxe4 17. Bxe4 Bc6 18. Bxc6 Qxc6 19. Qxc6 bxc6 20. Rd1 Red8 21. Be3 Bxe3 22. fxe3 Rd5 23. Rxd5 cxd5 24. Rd1 Rb8 25. Rd2 Rc8 26. e4 dxe4 27. Kf2 f5 28. exf6 gxf6 29. Ke3 f5 30. Rd4 Rb8 31. b4 Rc8 32. c4 Rf8 33. g3 Kg7 34. c5 Kf6 35. b5 Rf7 36. a4 Ke5 37. Rd6 Rc7 38. Rc6 Rd7 39. b6 Rd3+ 40. Ke2 axb6 41. cxb6 Rb3 42. Rc5+ Kd6 43. Rb5 Ra3 44. b7 Ra2+ 45. Ke3 Ra3+ 46. Kf4 e5+ 47. Kxf5 Rf3+ 48. Kxe4 Rf1 49. b8Q+ 1-0